| 000 | 00642nam a22002057a 4500 | ||
|---|---|---|---|
| 999 |
_c15616 _d15616 |
||
| 003 | AR-CdUCM | ||
| 008 | 190429b ||||| |||| 00| 0 spa d | ||
| 040 |
_aMUNICIPALIDAD PROVINCIAL DEL CUSCO _cBIBLIOTECA MUNICIPAL DEL CUSCO |
||
| 082 |
_a864 / _bR91 / 1982 |
||
| 100 |
_aRubio, Abel _917211 |
||
| 245 | _aFacer y hacer del idioma castellana / | ||
| 260 |
_aLima : _bMicenas, _c1982. |
||
| 300 | _c22 cm. | ||
| 505 | _aContenido : "Apertura" -- Sendos -- "Dijiste algo" -- Haiga - Haya ... | ||
| 650 |
_aLiteratura _983 |
||
| 650 |
_aCastellano _97963 |
||
| 650 |
_aPeruana _925277 |
||
| 942 |
_2ddc _cFOLLETOS |
||
| 945 |
_arah _d29/04/2019 |
||